Pañcāyatī rāja; (Record no. 71688)

MARC details
000 -LEADER
fixed length control field 00768cam a22002531 4500
001 - CONTROL NUMBER
control field sa 67000012
003 - CONTROL NUMBER IDENTIFIER
control field DLC
005 - DATE AND TIME OF LATEST TRANSACTION
control field 20260227112311.0
008 - FIXED-LENGTH DATA ELEMENTS--GENERAL INFORMATION
fixed length control field 890914s1963 ii ac 000 0 hinr
010 ## - LIBRARY OF CONGRESS CONTROL NUMBER
LC control number sa 67000012
035 ## - SYSTEM CONTROL NUMBER
System control number (OCoLC)20344454
040 ## - CATALOGING SOURCE
Original cataloging agency DLC
Transcribing agency WaU
Modifying agency NRU
-- DLC
042 ## - AUTHENTICATION CODE
Authentication code premarc
043 ## - GEOGRAPHIC AREA CODE
Geographic area code a-ii---
050 00 - LIBRARY OF CONGRESS CALL NUMBER
Classification number JS7005
Item number .C3
100 1# - MAIN ENTRY--PERSONAL NAME
Personal name Caturvedī, Nārāyaṇa,
245 10 - TITLE STATEMENT
Title Pañcāyatī rāja;
Remainder of title sattā kā vikendrīkaraṇa.
Statement of responsibility, etc. Lekhaka Nārāyaṇa Caturvedī [evaṃ Gopīnātha Guptā.
250 ## - EDITION STATEMENT
Edition statement [1. saṃskaraṇa.
260 ## - PUBLICATION, DISTRIBUTION, ETC.
Place of publication, distribution, etc. Jayapura]
Name of publisher, distributor, etc. Rājasthānī Sāhitya Prakāśana
Date of publication, distribution, etc. [1963]
300 ## - PHYSICAL DESCRIPTION
Extent 124 p.
Other physical details illus., port.
Dimensions 22 cm.
500 ## - GENERAL NOTE
General note In Hindi.
650 #0 - SUBJECT ADDED ENTRY--TOPICAL TERM
Topical term or geographic name entry element Panchayat
Geographic subdivision India.
700 1# - ADDED ENTRY--PERSONAL NAME
Personal name Gupta, Gopīnātha.

No items available.

Powered by Koha